|
|
|
|
| LEADER |
00000nam2a2200000 4500 |
| 001 |
331179 |
| 005 |
20231102004330.0 |
| 035 |
|
|
|a (RuTPU)RU\TPU\book\356972
|
| 090 |
|
|
|a 331179
|
| 100 |
|
|
|a 20170417d1961 km y0rusy50 ca
|
| 101 |
0 |
|
|a rus
|
| 102 |
|
|
|a RU
|
| 105 |
|
|
|a a z 000zy
|
| 200 |
0 |
|
|a Т. 7 : Типовые сечения горных выработок, закрепленных плитами УРПМ и стальной арочной крепью из взаимозаменяемого шахтного профиля СВПЗМ для 1-2- и 3-тонных вагонеток
|e [альбом]
|
| 210 |
|
|
|d 1961
|
| 215 |
|
|
|a 443 с.
|c ил.
|
| 461 |
|
1 |
|0 (RuTPU)RU\TPU\book\357322
|t Типовые сечения горных выработок
|o [альбом]
|f Госплан УССР ; отв. ред. Е. В. Дугин
|v Т. 7 : Типовые сечения горных выработок, закрепленных плитами УРПМ и стальной арочной крепью из взаимозаменяемого шахтного профиля СВПЗМ для 1-2- и 3-тонных вагонеток
|d 1960
|
| 606 |
1 |
|
|a Горные выработки
|x Сечения
|x Определение
|x Математические методы
|2 stltpush
|3 (RuTPU)RU\TPU\subj\7778
|9 35326
|
| 610 |
1 |
|
|a типовые сечения
|
| 610 |
1 |
|
|a плиты
|
| 610 |
1 |
|
|a крепи
|
| 610 |
1 |
|
|a шахтные профили
|
| 610 |
1 |
|
|a вагонетки
|
| 610 |
1 |
|
|a расчет
|
| 610 |
1 |
|
|a альбомы
|
| 610 |
1 |
|
|a чертежи
|
| 675 |
|
|
|a 622.261
|v 4
|
| 801 |
|
1 |
|a RU
|b 63413507
|c 20170417
|
| 801 |
|
2 |
|a RU
|b 63413507
|c 20170427
|g RCR
|
| 942 |
|
|
|c BK
|